00321nam a2200121Ia 4500008004100000041000800041082001800049100001500067245004500082260003200127300003100159365000900190240624s9999 xx 000 0 und d aeng a330.91724 WOR aWORLD BANK aWORLD DEVELOPMENT REPORT 2002 BUILDING I c2002aNew DelhibWorld Bank axii, : 249 : p. : cm. ; 26 cb30